000 00401nam a2200145Ia 4500
008 241217s9999||||xx |||||||||||||| ||und||
020 _a9781902343457
_c0
040 _beng
_cSSK Library
_erda
082 _a005.113 STR
245 0 _aStructured Programming Methods
260 _b Ncc Education Limited
_c©2001
942 _2Dewey Decimal Classification
_cBOOK
_nNo
999 _c23462
_d23462
003 OSt
005 20241217112903.0